[Event "2010 Alberta Closed"]
[Site "Edmonton"]
[Date "2010.04.04"]
[Round "5"]
[White "Li, Zhichao"]
[Black "Pechenkin, Vladimir"]
[Result "1/2-1/2"]
[WhiteElo "2282"]
[BlackElo "2434"]
[PlyCount "45"]
[EventDate "2010.04.02"]
[EventType "tourn"]
[EventRounds "5"]
[EventCountry "CAN"]

1. Nf3 f5 2. c4 Nf6 3. g3 d6 4. d4 e6 5. Bg2 Be7 6. O-O O-O 7. Nc3 a5 8. b3 Na6
9. Bb2 Rb8 10. Rc1 c6 11. Qe1 b5 12. Nd2 Bd7 13. e4 fxe4 14. cxb5 cxb5 15.
Ncxe4 Nb4 16. Qe2 Nxa2 17. Ra1 Nxe4 18. Bxe4 Nb4 19. Qh5 g6 20. Bxg6 hxg6 21.
Qxg6+ Kh8 22. d5+ Bf6 23. Qh6+ 1/2-1/2

[Event "2010 Alberta Closed"]
[Site "Edmonton"]
[Date "2010.04.04"]
[Round "5"]
[White "Reeve, Jeff"]
[Black "Nguyen, Kim"]
[Result "0-1"]
[WhiteElo "2312"]
[BlackElo "2170"]
[PlyCount "184"]
[EventDate "2010.04.02"]
[EventType "tourn"]
[EventRounds "5"]
[EventCountry "CAN"]

1. c4 Nf6 2. g3 g6 3. Bg2 Bg7 4. Nc3 O-O 5. e4 d6 6. Nge2 c6 7. O-O Nbd7 8. Rb1
Rb8 9. h3 a6 10. d3 b5 11. Be3 bxc4 12. dxc4 Bb7 13. Qd2 Re8 14. Rfd1 Qc7 15.
b3 Rbd8 16. Rbc1 Qb8 17. Na4 c5 18. Nac3 Bc6 19. g4 Qb7 20. Ng3 Nb6 21. g5 Nfd7
22. f4 Nc8 23. h4 a5 24. h5 Qb4 25. Qd3 a4 26. Nd5 Qb7 27. hxg6 hxg6 28. f5 Ne5
29. Qe2 axb3 30. fxg6 fxg6 31. Rb1 Bd7 32. Rxb3 Qa7 33. Rf1 Bg4 34. Qc2 Qa4 35.
Rc1 Na7 36. Rb7 Qxc2 37. Rxc2 Nac6 38. a4 Rd7 39. Rxd7 Nxd7 40. Kh2 Ra8 41. e5
Rc8 42. exd6 exd6 43. Bf4 Nde5 44. Ne4 Rd8 45. Ndf6+ Kf7 46. Rb2 Bc8 47. Rb6
Bf8 48. Nxc5 dxc5 49. Bxc6 Nxc4 50. Rb8 Bd6 51. Bd5+ Ke7 52. Kg3 Bxb8 53. Bxb8
Be6 54. Bxe6 Kxe6 55. Bc7 Rc8 56. Bf4 Ra8 57. Ne4 Kd5 58. Nc3+ Kd4 59. Nb5+ Kd3
60. Nc7 Rxa4 61. Ne6 Ra5 62. Bc7 Rb5 63. Nf4+ Ke4 64. Nxg6 Kf5 65. Ne7+ Kxg5
66. Kf3 Rb7 67. Bf4+ Kf6 68. Nc8 Kf5 69. Nd6+ Nxd6 70. Bxd6 Rb3+ 71. Ke2 c4 72.
Bf8 Ke4 73. Kd2 Rh3 74. Kc2 Kd4 75. Bg7+ Kd5 76. Bf6 Kc5 77. Be7+ Kb5 78. Kb2
Rb3+ 79. Kc2 Rf3 80. Kb2 Kc6 81. Kc2 Kd5 82. Bd8 c3 83. Kb3 Kd4 84. Ba5 Rf8 85.
Bxc3+ Kd3 86. Be5 Rf5 87. Bg3 Rb5+ 88. Ka4 Kc4 89. Bf4 Rf5 90. Bg3 Rg5 91. Bc7
Rg7 92. Bb6 Rg8 0-1

[Event "2010 Over 1800"]
[Site "Edmonton"]
[Date "2010.05.01"]
[Round "2"]
[White "Gluckie, Jamin"]
[Black "MacLeod, Damon"]
[Result "1/2-1/2"]
[WhiteElo "2100"]
[BlackElo "1834"]
[PlyCount "118"]
[EventDate "2010.05.01"]
[EventType "swiss"]
[EventRounds "5"]
[EventCountry "CAN"]
[TimeControl "7200"]

1. d4 d5 2. c4 e6 3. Nc3 c6 4. e4 dxe4 5. Nxe4 Nf6 6. Nxf6+ Qxf6 7. Nf3 Nd7 8.
Bd3 Bb4+ 9. Bd2 Bxd2+ 10. Qxd2 O-O 11. O-O e5 12. Ng5 g6 13. Ne4 Qe7 14. Bc2 f5
15. Nc3 Qb4 16. dxe5 Nxe5 17. Rfe1 Nxc4 18. Qd4 b5 19. b3 Qd6 20. Qh4 Nb6 21.
Re7 h5 22. Rae1 Bd7 23. Bd1 Rae8 24. Bxh5 Rxe7 25. Rxe7 Rf7 26. Rxf7 Kxf7 27.
Be2 Qd2 28. Qh7+ Kf6 29. h3 b4 30. Qh8+ Ke7 31. Qe5+ Kf7 32. Na4 Qd5 33. Qc7
Kf6 34. Nxb6 axb6 35. Qxb6 Qd2 36. Qd8+ Ke5 37. Qh8+ Kd6 38. Qf6+ Kc7 39. Qe5+
Qd6 40. Qe3 c5 41. Bf3 Bc6 42. Bxc6 Kxc6 43. Qe2 Kd5 44. Qd3+ Ke5 45. Qxd6+
Kxd6 46. Kf1 Ke5 47. Ke2 Ke4 48. g3 Kd4 49. f3 Kc3 50. g4 fxg4 51. fxg4 Kb2 52.
h4 Kxa2 53. h5 gxh5 54. gxh5 c4 55. h6 cxb3 56. h7 b2 57. h8=Q b1=Q 58. Qa8+
Kb2 59. Qh8+ Ka2 1/2-1/2

[Event "2010 Over 1800"]
[Site "Edmonton"]
[Date "2010.05.01"]
[Round "2.3"]
[White "Rekhson, Vladislav"]
[Black "Yam, Alex"]
[Result "1/2-1/2"]
[WhiteElo "2296"]
[BlackElo "2222"]
[PlyCount "80"]
[EventDate "2010.05.01"]
[EventType "swiss"]
[EventRounds "5"]
[EventCountry "CAN"]
[TimeControl "7200"]

1. d4 Nf6 2. c4 e6 3. Nc3 c5 4. d5 exd5 5. cxd5 d6 6. e4 g6 7. Nf3 a6 8. a4 Bg4
9. Be2 Bxf3 10. Bxf3 Bg7 11. O-O O-O 12. g3 Nbd7 13. Bg2 b6 14. f4 Re8 15. g4
h6 16. h4 h5 17. g5 Ng4 18. Ne2 b5 19. Bf3 c4 20. Bxg4 hxg4 21. Ng3 Nc5 22. f5
Be5 23. Qxg4 Nb3 24. Rb1 Qb6+ 25. Kg2 Bxg3 26. fxg6 fxg6 27. Rf6 Be5 28. Rxg6+
Bg7 29. h5 Qd4 30. h6 Ra7 31. Re6 Rf8 32. Bf4 Rxf4 33. Qxf4 Rf7 34. Re8+ Bf8
35. Rf1 Rxf4 36. Rxf4 Qd2+ 37. Kg3 Qe1+ 38. Kg4 Qe2+ 39. Kh4 Qh2+ 40. Kg4 Qe2+
1/2-1/2

[Event "2010 Over 1800"]
[Site "Edmonton"]
[Date "2010.05.01"]
[Round "3.2"]
[White "MacKinnon, Keith"]
[Black "Kalisvaart, Peter"]
[Result "1/2-1/2"]
[WhiteElo "2308"]
[BlackElo "2127"]
[PlyCount "95"]
[EventDate "2010.05.01"]
[EventType "swiss"]
[EventRounds "5"]
[EventCountry "CAN"]
[TimeControl "7200"]

1. d4 d5 2. c4 c6 3. Nf3 Nf6 4. Nc3 a6 5. b3 e6 6. Bb2 Bd6 7. e3 O-O 8. Bd3
Nbd7 9. e4 dxe4 10. Nxe4 Bb4+ 11. Nc3 e5 12. dxe5 Nc5 13. Ke2 Nh5 14. Bc2 Nf4+
15. Kf1 Ncd3 16. Qb1 Nxb2 17. Qxb2 Nd3 18. Bxd3 Qxd3+ 19. Ne2 Bg4 20. Ne1 Qd7
21. f3 Bf5 22. a3 Bxe1 23. Rxe1 Rfd8 24. Ng3 Bd3+ 25. Kf2 Qc7 26. Ne4 Bxe4 27.
Rxe4 Qb6+ 28. Kg3 Rd3 29. b4 Rad8 30. c5 Qc7 31. Rhe1 f6 32. R1e2 fxe5 33. Qxe5
Qxe5+ 34. Rxe5 R8d7 35. R2e3 Kf7 36. Kf4 Rxe3 37. Rxe3 Rd2 38. Kg3 Rc2 39. f4
a5 40. Rb3 a4 41. Re3 h5 42. Kf3 h4 43. Rd3 Ke7 44. h3 Rb2 45. g4 hxg3 46. Kxg3
Rb3 47. Rf3 Ke6 48. Kg4 1/2-1/2

[Event "2010 Over 1800"]
[Site "Edmonton"]
[Date "2010.05.01"]
[Round "3.3"]
[White "MacKinnon, Keith"]
[Black "Wang, Richard"]
[Result "1/2-1/2"]
[WhiteElo "2290"]
[BlackElo "2271"]
[PlyCount "47"]
[EventDate "2010.05.01"]
[EventType "swiss"]
[EventRounds "5"]
[EventCountry "CAN"]
[TimeControl "7200"]

1. d4 Nf6 2. c4 e6 3. Nc3 Bb4 4. a3 Bxc3+ 5. bxc3 c5 6. Nf3 Ne4 7. Qc2 Qa5 8.
Bd2 f5 9. e3 b6 10. Bd3 Bb7 11. O-O O-O 12. d5 exd5 13. cxd5 Bxd5 14. c4 Nxd2
15. cxd5 Nxf1 16. Bxf5 Rxf5 17. Qxf5 Nxe3 18. fxe3 Qc3 19. Rf1 Qxe3+ 20. Kh1
Qe7 21. h4 Qf6 22. Qd3 d6 23. Ng5 Qg6 24. Rf8+ 1/2-1/2

[Event "2010 Over 1800"]
[Site "Edmonton"]
[Date "2010.05.01"]
[Round "3.4"]
[White "Wu, Allen"]
[Black "Rekhson, Vladislav"]
[Result "1/2-1/2"]
[WhiteElo "1928"]
[BlackElo "2179"]
[PlyCount "54"]
[EventDate "2010.05.01"]
[EventType "swiss"]
[EventRounds "5"]
[EventCountry "CAN"]
[TimeControl "7200"]

1. c4 Nf6 2. d4 c5 3. Nf3 cxd4 4. Nxd4 e5 5. Nb3 Nc6 6. Nc3 Bb4 7. Bd2 O-O 8.
g3 Bxc3 9. Bxc3 d5 10. cxd5 Nxd5 11. Bd2 a5 12. Bg2 Be6 13. Nc5 Qb6 14. Na4 Qa7
15. e4 Ndb4 16. Be3 Nd4 17. Bxd4 Qxd4 18. O-O Bxa2 19. Qxd4 exd4 20. Nb6 Ra6
21. Nd7 Rd8 22. Nc5 Ra7 23. e5 Bd5 24. Bxd5 Rxd5 25. Rfc1 Rxe5 26. Nd3 f6 27.
Nxe5 fxe5 1/2-1/2

[Event "2010 Over 1800"]
[Site "Edmonton"]
[Date "2010.05.02"]
[Round "3.5"]
[White "MacLeod, Damon"]
[Black "Yearwood, Roy"]
[Result "0-1"]
[WhiteElo "1834"]
[BlackElo "2122"]
[PlyCount "56"]
[EventDate "2010.05.01"]
[EventType "swiss"]
[EventRounds "5"]
[EventCountry "CAN"]
[TimeControl "7200"]

1. e4 c5 2. Nf3 Qa5 3. Nc3 g6 4. Bc4 Bg7 5. Ng5 Nh6 6. Qf3 O-O 7. Nd5 Nc6 8.
O-O b5 9. Bxb5 Qxb5 10. Nc7 Qb7 11. Nxa8 Nd4 12. Qd1 Qxa8 13. c3 Nc6 14. d3 d6
15. f4 e6 16. Be3 f6 17. Nh3 f5 18. Ng5 Ng4 19. Qf3 h6 20. Nh3 Nd4 21. Bxd4
cxd4 22. c4 Ne3 23. Rfc1 Bb7 24. Nf2 fxe4 25. Nxe4 e5 26. c5 Rxf4 27. Qh3 Bc8
28. Qg3 Rg4 0-1

[Event "2010 Over 1800"]
[Site "Edmonton"]
[Date "2010.05.02"]
[Round "4.1"]
[White "Wang, Richard"]
[Black "Yam, Alex"]
[Result "1-0"]
[WhiteElo "2271"]
[BlackElo "2222"]
[PlyCount "123"]
[EventDate "2010.05.01"]
[EventType "swiss"]
[EventRounds "5"]
[EventCountry "CAN"]
[TimeControl "7200"]

1. d4 Nf6 2. Nf3 g6 3. Bg5 Bg7 4. Nbd2 O-O 5. c3 d6 6. e4 h6 7. Bh4 Nc6 8. Bc4
e5 9. dxe5 dxe5 10. O-O Qe8 11. Bxf6 Bxf6 12. Qe2 Nd8 13. Rfd1 Qe7 14. Nf1 Ne6
15. Bxe6 Bxe6 16. Ne3 Rad8 17. b3 Bg7 18. Nc4 Qc5 19. Qe3 Qb5 20. Nb2 Qa5 21.
c4 f5 22. h3 Rxd1+ 23. Nxd1 Rd8 24. Nc3 c6 25. Rc1 f4 26. Qe2 Bf8 27. Rd1 Bb4
28. Rxd8+ Qxd8 29. Nd1 Qa5 30. Qb2 Qd8 31. Qc2 Qd6 32. Nb2 Bc5 33. Nd3 Bd4 34.
c5 Qd8 35. Ndxe5 Bxe5 36. Nxe5 Qg5 37. Nf3 Qh5 38. Qc3 Kf7 39. Ne5+ Ke8 40. Qd4
f3 41. Nxf3 Bxh3 42. Qe5+ Qxe5 43. Nxe5 Bc8 44. Nxg6 Kf7 45. Nf4 Kf6 46. Nd3 b6
47. cxb6 axb6 48. f4 Ba6 49. Nf2 c5 50. g4 Be2 51. Kg2 b5 52. e5+ Ke6 53. Ne4
Bxg4 54. Nxc5+ Kd5 55. Nd3 Bf5 56. Nf2 b4 57. Kf3 Bb1 58. Ke3 Bxa2 59. Nd3 Bxb3
60. Nxb4+ Kc4 61. Nd3 Bc2 62. f5 1-0

[Event "2010 Over 1800"]
[Site "Edmonton"]
[Date "2010.05.02"]
[Round "4.2"]
[White "Gardner, Robert"]
[Black "Pedersen, Rick"]
[Result "1/2-1/2"]
[WhiteElo "2296"]
[BlackElo "2308"]
[PlyCount "42"]
[EventDate "2010.05.01"]
[EventType "swiss"]
[EventRounds "5"]
[EventCountry "CAN"]
[TimeControl "7200"]

1. d4 Nf6 2. c4 g6 3. Nc3 d5 4. h4 c5 5. dxc5 d4 6. Nb5 Nc6 7. e3 e5 8. exd4
Nxd4 9. b4 a5 10. Bb2 axb4 11. Nxd4 exd4 12. Qxd4 Qxd4 13. Bxd4 Bg7 14. Bd3 O-O
15. Ne2 Rd8 16. O-O Rxd4 17. Nxd4 Nd7 18. Nb3 Bxa1 19. Rxa1 Ne5 20. Be2 Be6 21.
Nd4 Bxc4 1/2-1/2

[Event "2010 Over 1800"]
[Site "Edmonton"]
[Date "2010.05.02"]
[Round "4.4"]
[White "Hansen, Eric"]
[Black "Wu, Allen"]
[Result "1-0"]
[WhiteElo "2518"]
[BlackElo "1928"]
[PlyCount "51"]
[EventDate "2010.05.01"]
[EventType "swiss"]
[EventRounds "5"]
[EventCountry "CAN"]
[TimeControl "7200"]

1. d4 Nf6 2. c4 e6 3. Nf3 b6 4. g3 Bb7 5. Bg2 Bb4+ 6. Nbd2 O-O 7. O-O c5 8.
dxc5 Bxc5 9. b3 d5 10. cxd5 Nxd5 11. Bb2 Nd7 12. Nc4 Qe7 13. Nfd2 Rfd8 14. a3
N7f6 15. Qb1 Rac8 16. e4 Nc7 17. e5 Nfd5 18. b4 Bxb4 19. axb4 Nb5 20. Nd6 Nxd6
21. exd6 Qxd6 22. Rxa7 Nc3 23. Bxc3 Bxg2 24. Kxg2 Rxc3 25. Ne4 Qc6 26. b5 1-0

[Event "2010 Over 1800"]
[Site "Edmonton"]
[Date "2010.05.02"]
[Round "4.6"]
[White "Zeggelaar, Mike"]
[Black "MacLeod, Damon"]
[Result "1-0"]
[WhiteElo "1990"]
[BlackElo "1834"]
[PlyCount "81"]
[EventDate "2010.05.01"]
[EventType "swiss"]
[EventRounds "5"]
[EventCountry "CAN"]
[TimeControl "7200"]

1. e4 c5 2. d4 cxd4 3. c3 d3 4. Bxd3 Nc6 5. c4 Nf6 6. Nf3 d6 7. h3 g6 8. Nc3
Bg7 9. Be3 O-O 10. O-O Nd7 11. Qd2 Nde5 12. Nxe5 Nxe5 13. f4 Nxd3 14. Qxd3 Bd7
15. Bd4 e5 16. fxe5 dxe5 17. Bc5 Re8 18. Nd5 Be6 19. Rad1 Qa5 20. b4 Qd8 21.
Qg3 Bxd5 22. cxd5 b6 23. Be3 Qd6 24. a3 Rac8 25. Qf3 Re7 26. Bg5 Rec7 27. Rc1
h6 28. Bd2 Bf8 29. Rc3 Qd7 30. Rfc1 Rxc3 31. Rxc3 Rxc3 32. Qxc3 Bg7 33. Qc6 Qd8
34. g3 f5 35. Qxg6 fxe4 36. Bxh6 Qd7 37. Qxg7+ Qxg7 38. Bxg7 Kxg7 39. b5 Kf6
40. Kf2 Ke7 41. Ke3 1-0

[Event "2010 Over 1800"]
[Site "Edmonton"]
[Date "2010.05.02"]
[Round "5.1"]
[White "Hansen, Eric"]
[Black "Wang, Richard"]
[Result "1-0"]
[WhiteElo "2518"]
[BlackElo "2271"]
[PlyCount "79"]
[EventDate "2010.05.01"]
[EventType "swiss"]
[EventRounds "5"]
[EventCountry "CAN"]
[TimeControl "7200"]

1. d4 d5 2. c4 c6 3. Nf3 e6 4. e3 f5 5. b3 Bd6 6. Bd3 Nf6 7. Bb2 O-O 8. O-O Qe7
9. Qc1 Nbd7 10. Ba3 Ne4 11. Bxd6 Nxd6 12. Nc3 g5 13. Ne5 Nxe5 14. dxe5 Ne4 15.
Ne2 Bd7 16. f3 Nc5 17. Bc2 Be8 18. Qa3 Bg6 19. Rac1 Rfe8 20. cxd5 exd5 21. f4
gxf4 22. exf4 Ne6 23. Qb2 Rad8 24. b4 Qc7 25. Kh1 Qb6 26. Qc3 d4 27. Qb3 Kh8
28. Bd3 a5 29. g4 Ng7 30. Ng3 Rf8 31. bxa5 Qxb3 32. axb3 fxg4 33. f5 Bf7 34. e6
Nxe6 35. fxe6 Bxe6 36. b4 Bd5+ 37. Kg1 Bf3 38. Rce1 Rde8 39. Rxe8 Rxe8 40. Bc4
1-0

[Event "2010 Over 1800"]
[Site "Edmonton"]
[Date "2010.05.02"]
[Round "5.2"]
[White "Haessel, Dale"]
[Black "MacKinnon, Keith"]
[Result "1/2-1/2"]
[WhiteElo "2308"]
[BlackElo "2290"]
[PlyCount "34"]
[EventDate "2010.05.01"]
[EventType "swiss"]
[EventRounds "5"]
[EventCountry "CAN"]
[TimeControl "7200"]

1. d4 Nf6 2. c4 e6 3. g3 d5 4. Nf3 dxc4 5. Qa4+ Nbd7 6. Bg2 a6 7. Qxc4 b5 8.
Qc6 Rb8 9. Bf4 Nd5 10. Bg5 Be7 11. Bxe7 Qxe7 12. O-O Bb7 13. Qc2 O-O 14. Nc3 c5
15. Nxd5 Bxd5 16. dxc5 Nxc5 17. Rfc1 Na4 1/2-1/2

[Event "2010 Over 1800"]
[Site "Edmonton"]
[Date "2010.05.02"]
[Round "5.3"]
[White "Kalisvaart, Peter"]
[Black "Gardner, Robert"]
[Result "1/2-1/2"]
[WhiteElo "2127"]
[BlackElo "2296"]
[PlyCount "79"]
[EventDate "2010.05.01"]
[EventType "swiss"]
[EventRounds "5"]
[EventCountry "CAN"]
[TimeControl "7200"]

1. d4 Nf6 2. c4 e6 3. a3 c5 4. Nf3 cxd4 5. Nxd4 Nc6 6. Nc3 Be7 7. e4 O-O 8. Be2
a6 9. O-O Qc7 10. Be3 b6 11. Nxc6 dxc6 12. Qc2 e5 13. Rad1 Be6 14. h3 Rfd8 15.
Na4 Rxd1 16. Rxd1 Nd7 17. b4 a5 18. c5 b5 19. Nb6 Nxb6 20. cxb6 Qb7 21. Bc5
axb4 22. Bxe7 Qxe7 23. Qxc6 Rc8 24. Qxb5 bxa3 25. Qxe5 Qb4 26. Ba6 Rf8 27. Qd6
Qxd6 28. Rxd6 a2 29. Rd1 Rb8 30. b7 Kf8 31. f3 Ke7 32. Kf2 Bb3 33. Rc1 Bc2 34.
Ra1 Bb1 35. Ke3 Kd6 36. Kd4 Kc7 37. Bc4 Rxb7 38. Bxa2 Bxa2 39. Rxa2 Kd6 40.
Ra6+ 1/2-1/2

[Event "2010 Over 1800"]
[Site "Edmonton"]
[Date "2010.05.02"]
[Round "5.4"]
[White "Yam, Alex"]
[Black "Yearwood, Roy"]
[Result "1-0"]
[WhiteElo "2222"]
[BlackElo "2122"]
[PlyCount "65"]
[EventDate "2010.05.01"]
[EventType "swiss"]
[EventRounds "5"]
[EventCountry "CAN"]
[TimeControl "7200"]

1. e4 e5 2. Nc3 Nf6 3. f4 d5 4. fxe5 Nxe4 5. d3 Qh4+ 6. g3 Nxg3 7. Nf3 Qh5 8.
Nxd5 Nxh1 9. Nxc7+ Kd8 10. Nxa8 Bg4 11. Bg2 Nc6 12. d4 Be7 13. Be3 Kc8 14. Qe2
Bh4+ 15. Kd2 Rd8 16. Kc3 Nf2 17. Bxf2 Bxf2 18. Qxf2 Kb8 19. Rd1 Kxa8 20. h3 Be6
21. Qg3 Rc8 22. Kd2 g6 23. c3 Qh6+ 24. Ke2 Bxa2 25. d5 Ne7 26. Qg5 Qf8 27. d6
Nd5 28. Qg3 Qe8 29. Nd4 Bc4+ 30. Kf2 Qa4 31. b3 Qa2+ 32. Kg1 Be2 33. Nxe2 1-0

[Event "2010 Over 1800"]
[Site "Edmonton"]
[Date "2010.05.02"]
[Round "5.5"]
[White "MacLeod, Damon"]
[Black "Pedersen, Rick"]
[Result "1-0"]
[WhiteElo "1834"]
[BlackElo "2000"]
[PlyCount "33"]
[EventDate "2010.05.01"]
[EventType "swiss"]
[EventRounds "5"]
[EventCountry "CAN"]
[TimeControl "7200"]

1. e4 d6 2. d4 Nf6 3. Nc3 g6 4. Be3 c6 5. Be2 Nbd7 6. Qd2 e5 7. Nf3 h6 8. dxe5
dxe5 9. h3 Qe7 10. O-O-O b6 11. Nh2 Bb7 12. Ng4 Bg7 13. Nxh6 O-O-O 14. Bg5 Qb4
15. Nxf7 Nxe4 16. Nxe4 Qxd2+ 17. Rxd2 1-0

[Event "2010 Over 1800"]
[Site "Edmonton"]
[Date "2010.05.02"]
[Round "5.6"]
[White "Razzaq, Ali"]
[Black "Zeggelaar, Mike"]
[Result "1/2-1/2"]
[WhiteElo "1873"]
[BlackElo "1990"]
[PlyCount "49"]
[EventDate "2010.05.01"]
[EventType "swiss"]
[EventRounds "5"]
[EventCountry "CAN"]
[TimeControl "7200"]

1. d4 Nf6 2. Nf3 e6 3. e3 b6 4. Bd3 Be7 5. O-O d5 6. Nbd2 Bb7 7. c4 Nbd7 8. Qc2
h6 9. e4 dxe4 10. Nxe4 Nxe4 11. Bxe4 Bxe4 12. Qxe4 Nf6 13. Qc6+ Nd7 14. Ne5 Rc8
15. d5 Bd6 16. dxe6 Bxe5 17. exd7+ Qxd7 18. Qe4 f6 19. Bf4 O-O 20. Rad1 Qg4 21.
Qd5+ Kh8 22. Bxe5 fxe5 23. Qxe5 Rf5 24. Qg3 Qxc4 25. b3 1/2-1/2

[Event "Eugenio Torre Simul"]
[Site "Calgary"]
[Date "2010.05.18"]
[Round "?"]
[White "Torre, Eugenio"]
[Black "Harris, Adam"]
[Result "1-0"]
[WhiteElo "2506"]
[BlackElo "1859"]
[PlyCount "39"]
[EventDate "2010.05.18"]
[EventType "simul"]
[EventCountry "CAN"]

1. d4 d5 2. Nf3 e6 3. c4 Nf6 4. Bg5 Be7 5. Nc3 O-O 6. e3 h6 7. Bh4 b6 8. Bd3
Bb7 9. O-O Nbd7 10. Qe2 c5 11. cxd5 exd5 12. Rad1 Re8 13. Bb5 Qc7 14. Ne5 cxd4
15. exd4 g5 16. Bg3 Bd6 17. f4 a6 18. Bxd7 Nxd7 19. Qh5 Nxe5 20. fxe5 1-0

[Event "Eugenio Torre Simul"]
[Site "Calgary"]
[Date "2010.05.18"]
[Round "?"]
[White "Torre, Eugenio"]
[Black "Kalaydina, Nicka"]
[Result "1/2-1/2"]
[WhiteElo "2506"]
[BlackElo "1919"]
[PlyCount "96"]
[EventDate "2010.05.18"]
[EventType "simul"]
[EventCountry "CAN"]

1. c4 e5 2. Nc3 Nf6 3. Nf3 Nc6 4. e3 Bb4 5. Qc2 O-O 6. d3 d5 7. cxd5 Nxd5 8. a3
Be7 9. Be2 Be6 10. O-O a5 11. Na4 Qd6 12. Nd2 Nf6 13. b3 Rfd8 14. Bb2 Bf5 15.
e4 Bg4 16. Nc4 Qe6 17. f3 b5 18. fxg4 bxa4 19. h3 Bc5+ 20. Kh1 Nd4 21. Bxd4
Bxd4 22. Rab1 Nd7 23. bxa4 Nb6 24. Nxb6 cxb6 25. Bd1 Qd6 26. Qa2 Rd7 27. Bb3
Rf8 28. Rf3 Qc7 29. Rbf1 Kh8 30. Bxf7 g6 31. Bc4 Rxf3 32. Rxf3 Kg7 33. Qd2 Qd6
34. Qc1 Bc5 35. Qf1 Qe7 36. g3 Bd4 37. h4 h6 38. Kg2 Bc5 39. Qa1 Bd4 40. Qc1
Bc5 41. Rf7+ Qxf7 42. Bxf7 Rxf7 43. g5 h5 44. Qb2 Bd4 45. Qb5 Rf2+ 46. Kh3 Rf1
47. Qd7+ Kg8 48. Qe8+ Kg7 1/2-1/2

[Event "Eugenio Torre Simul"]
[Site "Calgary"]
[Date "2010.05.18"]
[Round "?"]
[White "Torre, Eugenio"]
[Black "Miller, Brian"]
[Result "1-0"]
[WhiteElo "2506"]
[BlackElo "1948"]
[PlyCount "119"]
[EventDate "2010.05.18"]
[EventType "simul"]
[EventCountry "CAN"]

1. d4 d5 2. Nf3 Nf6 3. c4 e6 4. Nc3 Be7 5. Bg5 b6 6. Bh4 O-O 7. e3 Nbd7 8. Qc2
c6 9. Rd1 Re8 10. a3 a6 11. Bd3 dxc4 12. Bxc4 Nd5 13. Bg3 b5 14. Ba2 Qb6 15.
Bb1 N5f6 16. Ne5 Nf8 17. b4 a5 18. Nd3 axb4 19. axb4 Nd5 20. Qb2 Nd7 21. Nxd5
exd5 22. O-O Nf6 23. Nc5 Bxc5 24. dxc5 Qa7 25. Be5 Qe7 26. Bxf6 Qxf6 27. Qxf6
gxf6 28. Rd4 Ra3 29. Rfd1 Be6 30. h3 Rea8 31. g4 Kf8 32. Kg2 Ke7 33. Kg3 Rg8
34. Kh4 Rh8 35. Kg3 h5 36. gxh5 Rxh5 37. h4 Ra8 38. Kf3 Rah8 39. Rh1 Rg8 40.
Bd3 Rg7 41. Ke2 Bg4+ 42. Kd2 Be6 43. Be2 Rh6 44. Bf3 Rg8 45. Ra1 Rc8 46. Ra7+
Kf8 47. Ke1 Kg7 48. Kf1 Kh8 49. Kg2 Rg6+ 50. Kh2 Rh6 51. h5 Kg7 52. Ra1 Kh8 53.
Kg3 Rg8+ 54. Kh4 Kh7 55. e4 Rd8 56. exd5 Bxd5 57. Bxd5 Rxd5 58. Rxd5 cxd5 59.
c6 f5 60. Rc1 1-0

[Event "Eugenio Torre Simul"]
[Site "Calgary"]
[Date "2010.05.18"]
[Round "?"]
[White "Torre, Eugenio"]
[Black "Perron, Sean"]
[Result "0-1"]
[WhiteElo "2506"]
[BlackElo "2092"]
[PlyCount "68"]
[EventDate "2010.05.18"]
[EventType "simul"]
[EventCountry "CAN"]

1. e4 e6 2. d4 d5 3. e5 c5 4. c3 Nc6 5. Ne2 Qb6 6. g3 Nh6 7. Bh3 Nf5 8. O-O a5
9. Na3 cxd4 10. Bxf5 exf5 11. cxd4 Be7 12. Nc2 O-O 13. h4 Be6 14. Rb1 Rfc8 15.
Bg5 Bf8 16. a3 a4 17. Bd2 Na5 18. Bb4 Nb3 19. Bxf8 Kxf8 20. Ne3 Qa5 21. Nc3
Rxc3 22. bxc3 Qxc3 23. Qh5 h6 24. Rfd1 b5 25. Nxf5 b4 26. Ne3 bxa3 27. Qe2 Nxd4
28. Qf1 Nb3 29. Ra1 Nxa1 30. Rxa1 d4 31. Ng2 a2 32. Nf4 Bc4 33. Qd1 Rb8 34. e6
Qxa1 0-1

[Event "Eugenio Torre Simul"]
[Site "Calgary"]
[Date "2010.05.18"]
[Round "?"]
[White "Torre, Eugenio"]
[Black "Pivovarov, Juraj"]
[Result "1-0"]
[WhiteElo "2506"]
[BlackElo "1958"]
[PlyCount "61"]
[EventDate "2010.05.18"]
[EventType "simul"]
[EventCountry "CAN"]

1. d4 f5 2. Bg5 g6 3. e3 Bg7 4. Bd3 Nf6 5. Nd2 d5 6. Bxf6 Bxf6 7. f4 b6 8. Qe2
a5 9. Ngf3 Ba6 10. O-O O-O 11. Ne5 Bxe5 12. fxe5 c5 13. c3 Bxd3 14. Qxd3 c4 15.
Qe2 e6 16. Kh1 Nc6 17. g4 Qh4 18. gxf5 gxf5 19. Rf4 Qe7 20. Qh5 Kh8 21. Rg1 Rg8
22. Rff1 Rxg1+ 23. Rxg1 Rg8 24. Rg3 b5 25. a3 b4 26. axb4 axb4 27. Nf3 bxc3 28.
bxc3 Ra8 29. Ng5 Rf8 30. Rh3 Ra8 31. Nxh7 1-0

[Event "Eugenio Torre Simul"]
[Site "Calgary"]
[Date "2010.05.18"]
[Round "?"]
[White "Torre, Eugenio"]
[Black "Scholz, Mike"]
[Result "1-0"]
[WhiteElo "2506"]
[BlackElo "1434"]
[PlyCount "69"]
[EventDate "2010.05.18"]
[EventType "simul"]
[EventCountry "CAN"]

1. e4 g6 2. d4 d5 3. exd5 Qxd5 4. Nf3 Nc6 5. Be2 Bg4 6. O-O O-O-O 7. c4 Qh5 8.
Nc3 e6 9. Bf4 Bd6 10. Bxd6 Rxd6 11. d5 Nge7 12. Ne4 Rdd8 13. Nf6 Qf5 14. Nxg4
Qxg4 15. Ne5 Qf5 16. Nxc6 Nxc6 17. Bd3 Qh5 18. dxc6 Qxd1 19. cxb7+ Kxb7 20.
Rfxd1 Rd4 21. Kf1 Kb8 22. Be2 Rhd8 23. Rxd4 Rxd4 24. Rd1 Rxd1+ 25. Bxd1 c6 26.
c5 f6 27. Ke2 Kc7 28. Kd3 e5 29. Ke4 a5 30. Bb3 h6 31. Bf7 g5 32. Kf5 e4 33.
Kxf6 g4 34. Ke5 g3 35. hxg3 1-0

[Event "Eugenio Torre Simul"]
[Site "Calgary"]
[Date "2010.05.18"]
[Round "?"]
[White "Torre, Eugenio"]
[Black "Tolentino, Andre"]
[Result "1-0"]
[WhiteElo "2506"]
[BlackElo "819"]
[PlyCount "64"]
[EventDate "2010.05.18"]
[EventType "simul"]
[EventCountry "CAN"]

1. c4 e5 2. Nc3 Nc6 3. Nf3 Bc5 4. g3 d6 5. Bg2 Nf6 6. O-O O-O 7. d3 Re8 8. a3
Bf5 9. b4 Bb6 10. Bg5 h6 11. Bxf6 Qxf6 12. Nd5 Qe6 13. a4 Qd7 14. e3 a6 15. b5
axb5 16. axb5 Rxa1 17. Qxa1 Ne7 18. Nxb6 cxb6 19. Qa3 Ng6 20. Nd2 Bh3 21. Bxh3
Qxh3 22. Qxd6 Re6 23. Qd5 e4 24. Nxe4 Nh4 25. gxh4 Rg6+ 26. Ng3 Qxh4 27. Qxb7
Qh3 28. Ra1 h5 29. Ra8+ Kh7 30. Qxf7 h4 31. Rd8 hxg3 32. Qg8+ Kh6 1-0

[Event "Eugenio Torre Simul"]
[Site "Calgary"]
[Date "2010.05.18"]
[Round "?"]
[White "Torre, Eugenio"]
[Black "Usselman, Paul"]
[Result "1-0"]
[WhiteElo "2506"]
[BlackElo "1911"]
[PlyCount "77"]
[EventDate "2010.05.18"]
[EventType "simul"]
[EventCountry "CAN"]

1. c4 e6 2. d4 d5 3. Nc3 Nf6 4. Bg5 Bb4 5. e3 Nbd7 6. Nf3 O-O 7. Bd3 c5 8. cxd5
exd5 9. O-O Qa5 10. Qc2 c4 11. Bf5 g6 12. Bxd7 Nxd7 13. a3 Bxc3 14. bxc3 Re8
15. Nd2 Nb6 16. f3 Na4 17. Rac1 f6 18. Bh6 b5 19. e4 Nb6 20. Qb2 Bb7 21. Rfe1
Na4 22. Qc2 Qc7 23. exd5 Bxd5 24. Ne4 Re6 25. Re2 Kf7 26. Rce1 Rae8 27. Qd2 Qe7
28. Qc1 a6 29. Bf4 Bxe4 30. fxe4 Nb6 31. e5 Nd5 32. Bg3 f5 33. Rf1 Kg7 34. Bf4
Qd7 35. Bh6+ Kg8 36. Ref2 Ne7 37. g4 Qd5 38. Qg5 Qe4 39. gxf5 1-0

[Event "Eugenio Torre Simul"]
[Site "Calgary"]
[Date "2010.05.18"]
[Round "?"]
[White "Torre, Eugenio"]
[Black "Yearwood, Roy"]
[Result "1/2-1/2"]
[WhiteElo "2506"]
[BlackElo "2121"]
[PlyCount "38"]
[EventDate "2010.05.18"]
[EventType "simul"]
[EventCountry "CAN"]

1. e4 Nc6 2. Nf3 d6 3. d4 Nf6 4. Nbd2 g6 5. c3 Bg7 6. Bb5 Bd7 7. O-O O-O 8. e5
dxe5 9. Bxc6 Bxc6 10. Nxe5 Qd5 11. Ndf3 Bb5 12. Re1 c5 13. Qb3 Qxb3 14. axb3
cxd4 15. Nxd4 Be8 16. b4 Nd5 17. Nb3 f6 18. Nd3 Bf7 19. Nbc5 b6 1/2-1/2